00488 2200205 4500001002100000005001500021008004100036020002200077035001900099041000700118082001400125090001600139100002100155245002100176250000900197260003200206300001800238500001000256650001600266INLIS00000000000551520241224113120241224||||||||| | ||| |||| || |  a978-602-7652-19-4 0010-1224005515 aid0 a372:02:00 a372.2 HER s0 aHerlina Sitorus.00aSelamatkan Hutan aED.1 aTangerang.bBuah Hatic2013 a15 HLM,;24 CM aCET 1 0aILMU SOISAL